00479nam a22001817a 4500003000400000005001700004008004100021020002900062040000800091082001800099100001700117245004800134250001200182260002800194300002100222500001900243650003500262IIN20250502115628.0250502s2024 |||ad||| |||| 001 0 eng d a9789389188653cRs.850.00 aIIN a610.7307bNEE aNeeraja, K P aTextbook of Nursing Education/cK P Neeraja a2nd ed. aNew DelhibJaypeec2024 axv, 496 p.bill. aIncludes Index aEducationvTechnologyxNursing